ՀՀ Գիտությունների ազգային ակադեմիայի հիմնարար գիտական գրադարան  =   Fundamental Scientific Library of NAS RA

Հաղարծին = (Record no. 528703)

MARC details
000 -LEADER
fixed length control field 01927nam a2200349 a 4500
001 - CONTROL NUMBER
control field 001177422
003 - CONTROL NUMBER IDENTIFIER
control field AM-YEHGA
005 - DATE AND TIME OF LATEST TRANSACTION
control field 20250617164724.0
008 - FIXED-LENGTH DATA ELEMENTS--GENERAL INFORMATION
fixed length control field 110805s2016 ai a||||r|||||||||0|arm|d
020 ## - INTERNATIONAL STANDARD BOOK NUMBER
International Standard Book Number 9789939912561
040 ## - CATALOGING SOURCE
Original cataloging agency AM-YeHGA
041 ## - LANGUAGE CODE
Language code of text/sound track or separate title arm
-- eng
090 ## - LOCALLY ASSIGNED LC-TYPE CALL NUMBER (OCLC); LOCAL CALL NUMBER (RLIN)
-- 566958
245 00 - TITLE STATEMENT
Title Հաղարծին =
Remainder of title Haghartsin /
Statement of responsibility, etc. [Առաջին գրքի մտահղացքը և ընդհանուր խմբագրությունը՝ Եզնիկ արքեպիսկոպոս Պետրոսյան ; Կազմող և գեղարվեստական խմբագիր՝ Գ. Գրիգորյան ; Խմբագիր՝ Ա. Գրիգորյան ; Անգլերեն թարգմանությունը՝ Ա. Ֆրունջյան, Գ. Ալեքսանյան ; Լուսանկարիչ՝ Վ. Հակոբյան;] ; Հայաստանի պատմության թանգարան.
246 11 - VARYING FORM OF TITLE
Title proper/short title Haghartsin
260 ## - PUBLICATION, DISTRIBUTION, ETC.
Place of publication, distribution, etc. Երևան :
Name of publisher, distributor, etc. Տիգրան Մեծ,
Date of publication, distribution, etc. 2016.
300 ## - PHYSICAL DESCRIPTION
Extent 80 էջ :
Other physical details լուսանկ. ;
Dimensions 26 սմ.
440 #0 - SERIES STATEMENT/ADDED ENTRY--TITLE
Title Վանքեր և վանական համալիրներ
500 ## - GENERAL NOTE
General note Գրքի տպագր. հովանավոր՝ Ալեք Ավանեսյան
546 ## - LANGUAGE NOTE
Language note Բնագիրը՝՝ հայերեն և անգլերեն:
650 14 - SUBJECT ADDED ENTRY--TOPICAL TERM
Topical term or geographic name entry element Հայկական եկեղեցիներ
Form subdivision Կատալոգներ
650 14 - SUBJECT ADDED ENTRY--TOPICAL TERM
Topical term or geographic name entry element Պատմամշակութային հուշարձաններ
Form subdivision Կատալոգներ
700 1# - ADDED ENTRY--PERSONAL NAME
Personal name Պետրոսյան, Եզնիկ
Titles and other words associated with a name Արքեպիսկոպոս,
Dates associated with a name 1955-
Relator term խմբ.
Relationship edt
700 1# - ADDED ENTRY--PERSONAL NAME
Personal name Գրիգորյան, Գրիգոր
Relator term կազմ.
Relationship com
700 1# - ADDED ENTRY--PERSONAL NAME
Personal name Ֆրունջյան, Աիդա
Relator term թարգմ.
Relationship trl
700 1# - ADDED ENTRY--PERSONAL NAME
Personal name Ալեքսանյան, Գայանե
Relator term թարգմ.
Relationship trl
700 1# - ADDED ENTRY--PERSONAL NAME
Personal name Գրիգորյան Ա.
Relator term խմբ.
Relationship edt
700 1# - ADDED ENTRY--PERSONAL NAME
Personal name Հակոբյան, Վռամ
Relator term խմբ.
Relationship edt
710 2# - ADDED ENTRY--CORPORATE NAME
Corporate name or jurisdiction name as entry element Հայաստանի պատմության թանգարան
830 #0 - SERIES ADDED ENTRY--UNIFORM TITLE
Uniform title Վանքեր և վանական համալիրներ
942 ## - ADDED ENTRY ELEMENTS (KOHA)
Source of classification or shelving scheme Universal Decimal Classification
Koha item type Գրքեր / Books
Holdings
Withdrawn status Lost status Damaged status Not for loan Collection Home library Current library Date acquired Total checkouts Full call number Barcode Date last seen Price effective from Koha item type Public note
        General Fundamental Scientific Library Fundamental Scientific Library 30/10/2023   AIII/9565 FL0681105 30/10/2023 30/10/2023 Գրքեր / Books 30 Days Loan
        General Fundamental Scientific Library Fundamental Scientific Library 30/10/2023   AIII/9566 FL0681106 30/10/2023 30/10/2023 Գրքեր / Books 30 Days Loan


ՀՀ ԳԱԱ հիմնարար գիտական գրադարան
ՀՀ,Երևան 0019
Մարշալ Բաղրամյան 24/6
հեռախոս:(374-10) 52-47-50
Հետադարձ կապ

All site content, except where otherwise noted, is licensed under a
Creative Commons License